000 01575nam a2200385 c 4500
003 BLK
005 20250408124917.0
008 180409b bul|||||r ||||||| ||bul||
010 _aKNG00134381000
020 _a978-954-529-749-6
_bиздат.: Колибри
040 _aBLK
041 _aBUL
_cBUL
072 7 _2bullib
_aН83
_xЧужда художествена литература Н
080 _aАвстрийска литература
_b821.112(436)
_x-312.4
_z821.112(436)-312.4
100 1 _aХаас, Волф
_eпърви автор
_9321328
700 1 _aГайзелман, Кристиян
_eпрев. от нем.
_950680
700 1 _aМичева, Нева Георгиева
_eпрев. от нем.
_9370671
139 _aХаас, Волф
_bХ 12
245 1 0 _aЕла, сладка смърт
_bРоман
_cВолф Хаас; прев. от нем. Кристиян Гайзелман; прев. от нем. Нева Георгиева Мичева.
257 _aAUT
260 София
_bКолибри
_c2010
_fСофия : Симолини
300 _a183 с.
_c20 см
380 _aX
490 1 _aСъвременни криминални романи
500 _aОриг. загл. Komm, susser Tod / Wolf Haas.
653 _aкрими
653 _aромани
659 _aН
852 _aЦб 256506
856 4 _qpdf
_u
856 4 _qpdf
_u
942 _cKNG
_n0
_06
944 _aCR
_c28.09.2012
_lЦветелина Шанова
_k30531
944 _aED
_c05.07.2017
_lф /
_kЛюдмила_Стоянова
999 _c128656
_d128656